| 000 | 00000nas 2200000za 4500 |
| 001 | 9.831432 |
| 003 | CaOODSP |
| 005 | 20221107145742 |
| 007 | cr ||||||||||| |
| 008 | 170130d19851990onc x m o f0###|0eng|d |
| 022 | |y0829-2396 |
| 040 | |aCaOODSP|beng |
| 043 | |an-cn--- |
| 086 | 1 |aZ1-1983/1-41E-PDF |
| 130 | 4 |aThe Collected research studies (Royal Commission on the Economic Union and Development Prospects for Canada) |
| 245 | 14|aThe Collected research studies |h[electronic resource] / |cRoyal Commission on the Economic Union and Development Prospects for Canada. |
| 260 | |aOttawa : |bRoyal Commission on the Economic Union and Development Prospects for Canada, |c[1985]-1990. |
| 310 | |aIrregular |
| 362 | 0 |aNo. 1-no. 72. |
| 692 | 07|2gccst|aEconomic policy |
| 692 | 07|2gccst|aCommissions of inquiry |
| 710 | 1 |aCanada. |bPrivy Council Office. |
| 710 | 2 |aRoyal Commission on the Economic Union and Development Prospects for Canada. |
| 710 | 2 |aUniversity of Toronto Press. |
| 775 | 08|tLes Études |w(CaOODSP)9.831434 |